| 000 | 00828 a2200205 4500 | ||
|---|---|---|---|
| 001 | 48651 | ||
| 005 | 20260407155751.0 | ||
| 008 | 260407a2003 arg spa d | ||
| 003 | AR-UNSa-BCEJYS | ||
| 040 |
_aAR-UNSa-BCEJYS _bspa _cAR-UNSa-BCEJYS |
||
| 080 |
_a94(82) _xHistoria de Argentina |
||
| 245 | 1 | 0 |
_aLa Argentina y la tormenta del mundo _pIdeas e ideologías entre 1930 y 1945 |
| 020 | _a987-1105-31-2 | ||
| 264 | 1 |
_aBuenos Aires : _bSiglo XXI Editores Argentina _c2003 |
|
| 300 |
_a254 p. _c21 cm. |
||
| 505 | _a1. ¿Tiene aún un futuro la democracia? - 2. Hacia una imagen alternativa de la experiencia histórica argentina - 3. Ecos de una tormenta cada vez más cercana - 4. El mundo en vilo - 5. Un país en vilo. | ||
| 942 | _cBK | ||
| 590 | _aniveau_biblio:m niveau_hierar:0 | ||
| 100 | 1 | _aHalperin Donghi, Tulio | |
| 999 |
_c4669 _d4669 |
||